| 000 | 00730cam a22002413a 4500 | ||
|---|---|---|---|
| 001 | 10001 | ||
| 003 | PGUSA | ||
| 005 | 20140828083218.0 | ||
| 008 | 031101s2003||||xxu|||||s|||||000 | eng d | ||
| 040 |
_aPGUSA _beng |
||
| 042 | _adc | ||
| 050 | 4 | _aPA | |
| 100 | 1 |
_aSeneca, Lucius Annaeus, _d-65 |
|
| 245 | 1 | 0 |
_aApocolocyntosis _h[electronic resource] / _cLucius Annaeus Seneca |
| 260 |
_bProject Gutenberg, _c2003 |
||
| 506 | _aPublic domain in the USA. | ||
| 516 | _aElectronic text | ||
| 653 | _aClaudius, Emperor of Rome, 10 B.C.-54 A.D. -- Humor | ||
| 700 | 1 |
_aRouse, W. H. D. _q(William Henry Denham), _d1863-1950 |
|
| 830 | 0 |
_aProject Gutenberg _v10001 |
|
| 856 | 4 | 0 | _uhttp://www.gutenberg.org/ebooks/10001 |
| 942 | _cEB | ||
| 999 |
_c239256 _d239256 |
||